[Event "Andalucia-ch U12 1011"]
[Site "Almeria"]
[Date "2011.03.25"]
[Round "1.5"]
[White "Solis Ruiz, Alain"]
[Black "Gonzalez Capacete, Jose Miguel"]
[Result "0-1"]
[WhiteElo "1277"]
[BlackElo "1658"]
[PlyCount "23"]
[EventDate "2011.03.25"]
[EventType "swiss"]
[EventRounds "9"]
[EventCountry "ESP"]
[SourceTitle "EXT 2024"]
[Source "ChessBase"]
[SourceDate "2023.10.10"]
[SourceVersion "1"]
[SourceVersionDate "2023.10.10"]
[SourceQuality "1"]

1. e4 c5 2. Nc3 g6 3. Nf3 Nc6 4. d4 cxd4 5. Nxd4 Bg7 6. Nxc6 bxc6 7. Bc4 Nf6 8. Bf4 0-0 9. 0-0 d6 10. e5 Nh5 11. Bg3 Nxg3 12. fxg3 0-1